|
|
|
|
| LEADER |
00000nab a2200000 a 4500 |
| 001 |
vtls010128980 |
| 003 |
SK-MaSNL |
| 005 |
20260303091654.0 |
| 008 |
190315c2010 xo ||||||||||||00 b|slo |
| 015 |
|
|
|a SNBRB2010/09
|2 snkbucl
|
| 038 |
|
|
|a SNKBUCL
|
| 040 |
|
|
|a SNKBUCL
|b slo
|c SNKBUCL
|e AACR2
|
| 041 |
0 |
|
|a slo
|
| 044 |
|
|
|a xo
|c SK
|
| 080 |
|
|
|a 748.071.1
|2 2001
|
| 100 |
1 |
|
|a Jaseň, Viktor
|4 aut
|9 1100180
|
| 245 |
1 |
0 |
|a Eva Fišerová
|c Viktor Jaseň
|
| 600 |
1 |
7 |
|a Fišerová, Eva,
|d 1947-
|x tvorba
|2 snkbucl
|9 1100181
|
| 773 |
0 |
|
|t Slovenské pohľady
|g Roč. IV.+126., č. 7-8 (2010), s. 3 obál.
|x 1335-7786
|
| 852 |
|
|
|a SNK
|b KIS3GCP
|
| 958 |
|
|
|a SK
|
| 999 |
|
|
|c 1808821
|d 1810751
|